Mua sắm hàng hóa : Quy trình đấu thầu một giai đoạn,Một phong bì
Tài liệu dựa trên Tài liệu đấu thầu về mua sắm hàng hóa do các Ngân hàng Phát triển Đa phương và các Tổ chức Tài chính Quốc tế biên soạn, nó phản ánh những gì mà họ cho là những cách làm tốt nhất trong cấc tài liệu đấu thầu và việ...
שמור ב:
| מחבר תאגידי: | |
|---|---|
| פורמט: | ספר |
| שפה: | Undetermined |
| יצא לאור: |
Hà Nội
Ngân hàng Phát triển Châu Á
2000
|
| נושאים: | |
| תגים: |
הוספת תג
אין תגיות, היה/י הראשונ/ה לתייג את הרשומה!
|
| Thư viện lưu trữ: | Trung tâm Học liệu Trường Đại học Cần Thơ |
|---|
| LEADER | 01170nam a2200205Ia 4500 | ||
|---|---|---|---|
| 001 | CTU_142956 | ||
| 008 | 210402s9999 xx 000 0 und d | ||
| 082 | |a 352.538 | ||
| 082 | |b A832 | ||
| 110 | |a Ngân hàng phát triển Châu Á (ADB) | ||
| 245 | 0 | |a Mua sắm hàng hóa : | |
| 245 | 0 | |b Quy trình đấu thầu một giai đoạn,Một phong bì | |
| 245 | 0 | |c Ngân hàng Phát triển Châu Á | |
| 260 | |a Hà Nội | ||
| 260 | |b Ngân hàng Phát triển Châu Á | ||
| 260 | |c 2000 | ||
| 520 | |a Tài liệu dựa trên Tài liệu đấu thầu về mua sắm hàng hóa do các Ngân hàng Phát triển Đa phương và các Tổ chức Tài chính Quốc tế biên soạn, nó phản ánh những gì mà họ cho là những cách làm tốt nhất trong cấc tài liệu đấu thầu và việc ký hợp đồng mua sắm hàng hóa. | ||
| 650 | |a Government purchasing,Public administration,Hành chính công,Mua sắm chính phủ | ||
| 904 | |i Trọng Hiếu | ||
| 980 | |a Trung tâm Học liệu Trường Đại học Cần Thơ | ||